Quizzes
Events
Quiz Creation
Community
Videos
Private Events
Remove Ads
Sign In
Join for FREE
Feedback
Dark Mode
Quiz Categories
Sports
Geography
Music
Movies
Television
Just For Fun
Miscellaneous
History
Literature
Language
Science
Gaming
Entertainment
Religion
Holiday
For Kids
Quiz Lab
Recent
Popular Today
Quiz Kudos Today
Editor Picks
Curator Picks
Quizzes by...
Day
Popularity
Type
Ratings
Length
Year
Community
Subscriptions
Recent Discussions
Orange Saloon
Badges
Playlists
Quests
Create
Leaderboards
Showdown
Live 5
Trivia Bingo
Activity
Puzzle Library
Sporcle Events
Private Events
Virtual Trivia
Globe League
Become a Host
Pub Owners
SporcleCon
Opinionation
Our Games
Videos
Blog
Mobile Apps
Partnerships
Remove Ads and Go Orange
Feedback
Gaming
Video Games
Board Games
Card Games
Pokémon
Mario
Nintendo
Minecraft
Console
Toys
Legend of Zelda
Gaming
Video Games
Board Games
Card Games
Pokémon
Mario
Nintendo
Minecraft
Console
Toys
Legend of Zelda
Random Quiz
Search Sporcle
×
Quiz Lab
Quiz Lab
Gaming
Skyrim
Type in answers that appear in a list
Type in answers that appear in a list
Classic
Best Score? Go Orange.
Skyrim Enchantments Stats
Can you name the Skyrim Enchantments?
By
VEVO
15m
45 Questions
94 Plays
94 Plays
94 Plays
Comments
Comments
Give Quiz Kudos
Give Quiz Kudos
-
- Ratings
hide this ad
Replay
Link that replays current quiz
Next Quiz
Link to next quiz in quiz playlist
You Got
0%
They Got
Avg Score
55%
Avg Friend Score
Upgrade to see
Score Distribution
Jump to the score distribution portion of the page
Score
0/45
Timer
15:00
0
Plays Today
% Correct
Fire Damage
79.8%
Frost Damage
77.7%
Fortify Health
74.5%
Fortify Illusion
74.5%
Shock Damage
73.4%
Fortify Magicka
73.4%
Fortify Smithing
73.4%
Fortify Two Handed
73.4%
Fortify Alchemy
72.3%
Fortify Destruction
72.3%
Fortify Archery
72.3%
Fortify One Handed
72.3%
Fortify Restoration
72.3%
Fortify Sneak
71.3%
Fortify Stamina
71.3%
Fortify Alteration
70.2%
Fortify Block
70.2%
Fortify Conjuration
69.1%
Fortify Pickpocket
69.1%
Absorb Health
67%
Fortify Lockpicking
67%
Absorb Magicka
62.8%
Absorb Stamina
62.8%
% Correct
Soul Trap
61.7%
Fortify Speech
60.6%
Fortify Heavy Armor
59.6%
Fortify Light Armor
59.6%
Resist Fire
47.9%
Resist Frost
47.9%
Resist Shock
46.8%
Waterbreathing
44.7%
Resist Poison
41.5%
Muffle
40.4%
Paralyze
38.3%
Fortify Carry Weight
38.3%
Resist Magic
37.2%
Fear
33%
Magicka Damage
33%
Resist Disease
33%
Turn Undead
31.9%
Stamina Damage
28.7%
Banish
25.5%
Fortify Healing Rate
12.8%
Fortify Magicka Rate
9.6%
Fortify Stamina Rate
8.5%
Quiz Playlist
Details
Report
Send in Message
Add To Playlist
Classic:
Type in answers that appear in a list
Last Updated: Feb 16, 2017
Quiz Scoreboard
CHALLENGE
Sign Up to Join the Scoreboard
Show All
Scores
Hide
Comments
May contain spoilers
Recently Published
An Introduction to Baseball
by treessimontrees
Sports
5m
Movies - When Are They Set?
by FPL_Elf
Movies
5m
Popular People in 1961
by mucciniale
History
6m
More to Explore
Quiz From the Vault
Featured Blog Post
Where Did the Easter Bunny Come From?
hide this ad
You Might Also Like...
Tags
Skyrim
Today's Top Quizzes in Gaming
Browse Gaming
hide this ad
Today's Top Quizzes in Skyrim
Browse Skyrim
Top Contributed Quizzes in Gaming
1
5-to-1: Consoles
2
Destiny 2 exotic weapons by perk icons
3
7-to-1: Board Game Piece Blitz
4
5-to-1: Legend of Zelda
5
Ultimate Genshin Impact Logic Puzzle (up to 4.3)
6
Franchise by Action Figure
7
Overwatch Logic Puzzle
8
Who's on the WWE 2K24 Cover?
9
Genshin Impact Logic Puzzle Quiz
10
Windmill: Pokémon
Explore More
Trending Topics
NBA
Marvel
Disney
Anime
Kpop
Harry Potter
Crossword
Country
NFL
The Office
WWE
Soccer
Song
Pokémon
Puzzle
hide this ad
More By:
VEVO
Quiz
Plays
Rating
Category
Featured
Created
Skyrim Enchantments
94
Gaming
Nov 24, 2012
Go to Creator's Profile
Score Distribution
Quiz Creator Spotlight
VEVO
Follow
Send a Message
Quizzes Created
-
Created Quiz Play Count
-
More By This Creator
Popular Quizzes Today
1
Find the Countries of Europe - No Outlines Minefield
2
Find the US States - No Outlines Minefield
3
The Countries of the World
4
Popular People in 1961
5
Find the US States
6
US States
7
1-10 Letter E Words III
8
Risky Map Clicking: Biggest States A-Z
More Gaming Quizzes
16 Little Video Game Character Pictograms
Published
Trending Quizzes
Risky Map Clicking: Least Populous States A-Z
1-10 Letter F Words
1-10 Letter G Words
One Thing in Common: United Kingdom
Risky Map Clicking: Next State Alphabetically
Recently Updated
Leaping Animals
pecheneg
Reality TV Shows (A-Z)
bhenderson79
Rickey Henderson's Hall of Fame Teammates
pecheneg
Champions League XIs: Arsenal
pecheneg
Quick Pick: Celebrities in WWE's Hall of Fame
aduchscher
A-Z Keypad Blitz II
pecheneg
Multiple Oscar Actors
pecheneg
Mystery Phrase Blitz: Oscar 'Best Actors'
pecheneg
F. Scott Fitzgerald Novels
LTH
Pick 3 Villains
ddd62291
Trending Topics
Marvel
Disney
NBA
Kpop
Anime
Crossword
Harry Potter
Soccer
Song
NFL
Pokémon
Country
The Office
WWE
Puzzle
Your Account Isn't Verified!
In order to create a playlist on Sporcle, you need to verify the email address you used during registration. Go to your
Sporcle Settings
to finish the process.
Report this User
Report this user for behavior that violates our
Community Guidelines
.
Details:
Send Report
Go to the Sporcle.com Mobile Site →
Comments